NHL Captains (Updated) - Statistics

General Stats
  • This quiz has been taken 32 times
    29 since last reset
  • The average score is 22 of 32
Answer Stats
Hint Answer % Correct
Washington Alex Ovechkin
92%
Toronto Auston Matthews
88%
Edmonton Connor McDavid
88%
Montreal Nick Suzuki
88%
Pittsburgh Sidney Crosby
88%
Ottawa Brady Tkachuk
84%
Detroit Dylan Larkin
84%
Vancouver Quinn Hughes
84%
Florida Aleksander Barkov
80%
Los Angeles Anze Kopitar
80%
Colorado Gabriel Landeskog
80%
Vegas Mark Stone
80%
Nashville Roman Josi
80%
Tampa Bay Victor Hedman
80%
Buffalo Rasmus Dahlin
76%
Dallas Jamie Benn
68%
New York (I) Anders Lee
64%
Carolina Jordan Staal
64%
Chicago Nick Foligno
64%
New Jersey Nico Hischier
64%
Anaheim Radko Gudas
64%
Utah Clayton Keller
56%
Boston None
56%
New York (R) None
56%
Minnesota Jared Spurgeon
48%
Philadelphia Sean Couturier
48%
Winnipeg Adam Lowry
44%
Columbus Boone Jenner
44%
St. Louis Brayden Schenn
40%
Seattle Jordan Eberle
40%
San Jose Logan Couture
40%
Calgary Mikael Backlund
40%
No matching quizzes found
Score Distribution
Percent of People with Each Score
Percentile by Number Answered
Your Score History
You have not taken this quiz since the last reset